000 01433nam a22003737a 4500
003 CHAP
005 20220329135846.0
008 971013s1995 r 00010 d
010 _a43418
011 _a44390
035 _a48528
040 _cCHAP
090 _aTesis
100 0 0 _aPuente Lara, José Alfredo.
_992901
245 _aRespuesta a la suplementación con diferentes concentrados diferenciándose estos en la cantidad de energía metabolizable y
_c/ o proteína sobrepasante ofrecidos a cabras en lactación semiestabuladas
260 _aMarín, N. L. :
_bEl autor,
_c1995
300 _a83 h.
502 _aTesis (Médico Veterinario Zootecnista) -- Universidad Autónoma de Nuevo León. Facultad de Agronomía
590 _aALEPH
_b10
_c20130110
_lUCH01
_h1312
590 _aBATCH-UPD
_b10
_c20130110
_lUCH01
_h0306
590 _aBATCH-UPD
_b10
_c20130110
_lUCH01
_h1817
590 _aBATCH-UPD
_b10
_c20130409
_lUCH01
_h2338
590 _aBATCH-UPD
_b10
_c20130410
_lUCH01
_h1611
590 _aBATCH-UPD
_b10
_c20130914
_lUCH01
_h1306
590 _aCONVERSION
_b10
_c20130109
_lUCH01
_h1324
650 1 4 _aEnergía metabólica.
_936906
650 1 4 _aGanado cabrío
_xNutrición.
_945030
650 1 4 _aLactancia.
_964346
650 1 4 _aMetabolismo en animales domésticos.
_975151
650 1 4 _aProteínas en nutrición animal.
_992454
901 _aBK
942 _cTESIS
949 _bBC
_cTES
_d-109843
_eTS1
_h28046
_i48528
_si
999 _c43418
_d43418